000 nam a22 7a 4500
999 _c126539
_d126539
008 170725b xxu||||| |||| 00| 0 eng d
050 _aDA559.7.G35
100 _aGash, Norman
_933499
245 _aReaction and reconstruction in English politics 1832-1852
_c/ Norman, Gash
260 _aOxford
_bOxford Clarendon Press
_c1965
300 _a227p. ;
_c22cm.
650 _aGreat Britain
_xPolitics
_y1834-1837
_933500
650 _aGreat Britain
_xPolitics
_y1837-1901
_933501
942 _2lcc
_cMONOGRAPH